Szczegóły MARC21

Staropolskie pastorałki dramatyczne : antologia /

003 -Nazwa inst., której nr kontr. jest w polu 001 [,]
    • @
    • Nazwa instytucji, której n kontrolny jest w polu 001
    • NUKAT
005 -DATA I CZAS OSTATNIEJ MODYFIKACJI [,]
    • @
    • pole kontrolne
    • 20241231112728.0
020 -Międzynarod. znormalizowany nr książki - ISBN [ , ]
    • z
    • Błędny ISBN (P)
    • 8304028550 Find
    • q
    • Dopowiedzenie
    • opr.
020 -Międzynarod. znormalizowany nr książki - ISBN [ , ]
    • a
    • Numer ISBN
    • 8304028557 Find
    • q
    • Dopowiedzenie
    • brosz.
040 -Instytucja sporządzająca opis [ , ]
    • a
    • Instytucja, która sporządziła opis (NP)
    • TOR U/ABC
    • c
    • Instytucja, która sporządziła rekord (NP)
    • TOR U/ABC
    • d
    • Instytucja, która zmodyfikowała rekord (P)
    • TOR U/LF
    • d
    • Instytucja, która zmodyfikowała rekord (P)
    • TOR U/UDs
942 -Rodzaj dokumentu [ , ]
    • c
    • Rodzaj dokumentu
    • Książka
245 -Strefa tytułu i oznaczenia odpowiedzialności [0,0]
    • a
    • Tytuł
    • Staropolskie pastorałki dramatyczne : Find
    • b
    • Ciąg dalszy tytułu (NP)
    • antologia / Find
    • c
    • Pozostałe elementy strefy tytułu i oznaczenia odpowiedzialności (NP)
    • oprac. Jan Okoń.
260 -Strefa adresu wydawniczego [ , ]
    • a
    • Miejsce wydania (P)
    • Wrocław :
    • b
    • Nazwa wydawcy (P)
    • Zakład Narodowy im. Ossolińskich - Wydawnictwo,
    • c
    • Data wydania (P)
    • 1989.
300 -Strefa opisu fizycznego [ , ]
    • a
    • Określenie formy książki i/lub objętość (NP)
    • LXXX, 375, [1] s. :
    • b
    • Oznaczenie ilustracji (NP)
    • il. ;
    • c
    • Format (NP)
    • 17 cm.
336 -Typ zawartości [ , ]
    • a
    • Termin opisujący typ zawartości
    • Tekst
    • b
    • Kod określający zawartość
    • txt
    • 2
    • Źródło (terminu i kodu)
    • rdacontent
337 -Typ mediów [ , ]
    • a
    • Tryb odtwarzania
    • Bez urządzenia pośredniczącego
    • b
    • Kod typu mediów
    • n
    • 2
    • Źródło (terminu i kodu)
    • rdamedia
338 -Typ/rodzaj nośnika [ , ]
    • a
    • Hasło opisujące typ nośnika
    • Wolumin
    • b
    • Kod typu nośnika
    • nc
    • 2
    • Źródło (terminu i kodu)
    • rdacarrier
490 -Strefa serii i książki wielotomowej - forma nie do wyszukiwania [1, ]
    • a
    • Tytuł (P)
    • Biblioteka Narodowa. Seria 1, Find
    • x
    • ISSN (NP)
    • 0208-4104 ;
    • v
    • Numeracja (P)
    • nr 269
830 -Hasło dodatkowe serii i opisu książki wielotomowej - tytuł ujednolicony/tytuł [ ,0]
    • a
    • Tytuł ujednolicony/tytuł (NP)
    • Biblioteka Narodowa.
    • n
    • Oznaczenie części/podserii/sekcji (P)
    • Seria 1
    • x
    • ISSN
    • 0208-4104
    • v
    • Oznaczenie tomu (NP)
    • nr 269
    • 9
    • KHW
    • 7607
504 -Uwaga dot. bibliogr. załącznikowej [ , ]
    • a
    • Uwaga dot. bibliografii załącznikowej
    • Bibliogr. s. LXXVI-LXXX.
080 -Uniwersalna Klasyfikacja Dziesiętna [ , ]
    • 2
    • Identyfikator wydania tablic
    • UDC-P022
    • a
    • Symbol klasyfikacji
    • 821.162.1-2
    • b
    • Dopowiedzenie
    • Literatura polska - utwory dramatyczne. Libretta.
    • x
    • Poddział wspólny
    • (082.2)
    • b
    • Dopowiedzenie
    • (Antologie. Wypisy (różnych autorów).
080 -Uniwersalna Klasyfikacja Dziesiętna [ , ]
    • 2
    • Identyfikator wydania tablic
    • UDC-P022
    • a
    • Symbol klasyfikacji
    • 821.162.1(091)-2
    • b
    • Dopowiedzenie
    • Literatura polska (historia) - utwory dramatyczna, libretta - opracowania krytyczne.
    • x
    • Poddział wspólny
    • "15/17"
650 -Hasło przedmiotowe [ ,7]
    • a
    • Hasło przedmiotowe
    • Boże Narodzenie
    • x
    • Określnik rzeczowy
    • teatr.
    • 2
    • Źródło terminu
    • kaba
    • 9
    • KHW
    • 103640
650 -Hasło przedmiotowe [ ,7]
    • a
    • Hasło przedmiotowe
    • Kolędy polskie
    • v
    • Określnik formalny
    • antologie.
    • 2
    • Źródło terminu
    • kaba
    • 9
    • KHW
    • 570100
650 -Hasło przedmiotowe [ ,7]
    • a
    • Hasło przedmiotowe
    • Kolędy polskie
    • x
    • Określnik rzeczowy
    • historia i krytyka.
    • 2
    • Źródło terminu
    • kaba
    • 9
    • KHW
    • 392511
980 -Symbol UKD [ , ]
    • a
    • UKD
    • 821.162.1-2(082.2)+821.162.1(091)-2"15/17"
700 -Hasło dodatkowe - nazwa osobowa [1, ]
    • a
    • Nazwa osobowa (NP)
    • Okoń, Jan Find
    • d
    • Daty biograficzne (NP)
    • (1940- ).
    • e
    • Określenie rodzaju współpracy
    • Oprac.
    • 9
    • KHW
    • 15421
710 -Hasło dodatkowe - nazwa ciała zbiorowego [2, ]
    • a
    • Nazwa ciała zbiorowego lub nazwa geograficzna jako pierwszy element (NP)
    • Zakład Narodowy im. Ossolińskich.
    • b
    • Nazwa jednostki podrzędnej (P)
    • Wydawnictwo.
    • 4
    • Kod relacji
    • pbl
    • 9
    • KHW
    • 54188
920 -ISBN [ , ]
    • z
    • Błędny ISBN
    • 83-04-02855-0 Find
    • q
    • Dopowiedzenie
    • opr.
920 -ISBN [ , ]
    • a
    • ISBN
    • 83-04-02855-7 Find
    • q
    • Dopowiedzenie
    • brosz.
Sygnatura Numer inwentarzowy Status udost. Uwagi nie widoczne w OPAC Data inwentaryzacji Lokalizacja
 JK.1961przepisany2002-11-19BG
W.164901W.164901-3przepisany2006-11-24BG
W.164901W.164902-3przepisany2006-11-24BG
 W.197694-3przepisany1999-02-03BG
 Z.760211przepisany2006-11-24BG
 P.203341 2006-11-24BM
 P.84961przepisany2006-11-24BM